Analýza množstvového zberu komunálneho odpadu vo vybraných obciach SR
Hierarchia nakladania s odpadmi: súčasný stav a želaný stav. Redukcia znečisťovania životného prostredia v dôsledku tvorby odpadov. Zhodnotenie vývoja množstva komunálneho odpadu, zmesového komunálneho odpadu a triedeného zberu odpadu v obciach s aplikovaným žetónovým systémom nakladania s KO. Zhodn...
Salvato in:
| Autore principale: | |
|---|---|
| Altri autori: | , |
| Natura: | Capitolo di libro |
| Lingua: | slovacco |
| Soggetti: | |
| Tags: |
Nessun Tag, puoi essere il primo ad aggiungerne!!
|
MARC
| LEADER | 00000naa$a2200000$$$4500 | ||
|---|---|---|---|
| 001 | 0248766 | ||
| 005 | 20240502073958.9 | ||
| 041 | 0 | |a slo | |
| 044 | |a SK | ||
| 245 | 1 | 0 | |a Analýza množstvového zberu komunálneho odpadu vo vybraných obciach SR |c Michal Stričík, Monika Čonková, Monika Bačová |
| 520 | |a Hierarchia nakladania s odpadmi: súčasný stav a želaný stav. Redukcia znečisťovania životného prostredia v dôsledku tvorby odpadov. Zhodnotenie vývoja množstva komunálneho odpadu, zmesového komunálneho odpadu a triedeného zberu odpadu v obciach s aplikovaným žetónovým systémom nakladania s KO. Zhodnotenie ekonomickej efektívnosti nakladania s odpadmi pred a po zavedení žetónového systému vo vybraných obciach na Slovensku. | ||
| 610 | 2 | 0 | |a odpad komunálny |
| 610 | 2 | 0 | |a recyklácia odpadu |
| 610 | 2 | 0 | |a ochrana prostredia životného |
| 610 | 2 | 0 | |a zber separovaný |
| 610 | 2 | 0 | |a obce |
| 610 | 2 | 0 | |a legislatíva |
| 610 | 2 | 0 | |a Slovensko |
| 100 | 1 | |a Stričík, Michal, 1969- | |
| 700 | 1 | |a Čonková, Monika, 1976- | |
| 700 | 1 | |a Bačová, Monika | |